Statistics for Famous statues & sculptures

Click here to take the quiz!

General Stats

  • This quiz has been taken 48 times
  • The average score is 6 of 21

Answer Stats

HintAnswer% Correct
Most famous American statue of the goddess LibertasStatue of Liberty
92%
Copenhagen's most famous landmark, a Hans Christian Andersen characterThe Little Mermaid
79%
Michelangelo's masterpiece in FlorenceDavid
79%
The most famous statue of Jesus Christ is in this cityRio De Janeiro
74%
His statue stands atop a column at Trafalgar squareNelson
67%
Famous armless statue of goddess of beautyVenus de Milo
44%
One of the seven wonders of the ancient world, statue of HeliosColossus of Rhodes
41%
Famous noseless statue, largest monolith statueGreat Sphinx of Giza
36%
The statue of this man at Firdos Square was torn down less than a year after it was erectedSaddam Hussein
28%
When finished, it will be the largest carved statue in the worldCrazy Horse
28%
Famous Antony Gormley statue in north EnglandAngel of the North
21%
An infamous blue demonic horse statue stands outside this airportDenver Airport
15%
This Turkmen dictator had several gold statues of himself made that rotate to always face the sunSaparmurat Niyazov
13%
But the largest statue of Jesus is in this countryPoland
8%
The statue at Piccadilly Circus is often thought to be of Eros, but is actually his brother...Anteros
8%
The tallest statue in the worldSpring Temple Buddha
3%
Largest non-religious statueThe Motherland Calls
3%
Where the statues of both North Korea's leaders stand side by sideMansu Hill Grand Monument
3%
When finished, it will be the largest statue of a dragonWaking the Dragon
0%
Largest sitting statuePo Lin Monastery Buddha
0%
When finished, it will be the largest statue in the worldStatue of Unity
0%

Score Distribution

Percentile by Number Answered

Percent of People with Each Score

Your Score History

You have not taken this quiz